Healthy UK regional office market (Record no. 70671)

MARC details
000 -LEADER
fixed length control field 01109cam a2200217 4500
001 - CONTROL NUMBER
control field WB3824-06
008 - FIXED-LENGTH DATA ELEMENTS--GENERAL INFORMATION
fixed length control field 020703n2002 000 0 eng u
035 ## - SYSTEM CONTROL NUMBER
System control number (Sirsi) u118671
245 ## - TITLE STATEMENT
Title Healthy UK regional office market
260 ## - PUBLICATION, DISTRIBUTION, ETC.
Date of publication, distribution, etc. 2002
490 ## - SERIES STATEMENT
Series statement RICS Commercial Property Faculty News
Volume/sequential designation 28 June 2002, (1)
520 ## - SUMMARY, ETC.
Summary, etc. DTZ's latest "UK regional offices research" highlights that the UK's regional office markets have continued to perform well over the last six months and are likely to do so throughout the rest of 2002. The UK's regional markets have seen £774m of investment overall, with Birmingham, Manchester and Belfast accounting for the majority of the investment deals. DTZ at http://www.dtz.com. http://www.rics.org/ricscms/bin/show?class=News&template=/includes/shownews.html&id=2993
590 ## - LOCAL NOTE (RLIN)
Local note WB
650 ## - SUBJECT ADDED ENTRY--TOPICAL TERM
Topical term or geographic name entry element PROPERTY-COMMERCIAL PROPERTY-OFFICE PROPERTY-OFFICE PROPERTY MARKET
650 ## - SUBJECT ADDED ENTRY--TOPICAL TERM
Topical term or geographic name entry element DTZ
650 ## - SUBJECT ADDED ENTRY--TOPICAL TERM
Topical term or geographic name entry element REGIONAL OFFICES
650 ## - SUBJECT ADDED ENTRY--TOPICAL TERM
Topical term or geographic name entry element OFFICE TAKE-UP
650 ## - SUBJECT ADDED ENTRY--TOPICAL TERM
Topical term or geographic name entry element OFFICE RENTS
690 ## - LOCAL SUBJECT ADDED ENTRY--TOPICAL TERM (OCLC, RLIN)
Topical term or geographic name as entry element PROPERTY-COMMERCIAL PROPERTY-COMMERCIAL PROPERTY MARKET
942 ## - ADDED ENTRY ELEMENTS (KOHA)
Suppress in OPAC 0
Holdings
Withdrawn status Lost status Source of classification or shelving scheme Damaged status Not for loan Home library Current library Shelving location Date acquired Total Checkouts Full call number Barcode Date last seen Copy number Price effective from Koha item type
    Dewey Decimal Classification     London London News article 03/07/2002   WB3824-06 118671-1001 06/08/2019 1 06/08/2019 News article